000
00260nam a2200097Ia 4500
001
695416
005
20250826161952.0
008
250824s9999 xx 000 0 und d
245
0
_a
FAUST (ANTİK DÜNYA KLASİKLERİ)
_c
GOETHE
260
_b
ANTİK DÜNYA KLASİKLERİ
999
_c
695416
_d
695416